[Event "Hamburg-ch Seniors 65+ op 26th"]
[Site "Hamburg"]
[Date "2019.11.19"]
[Round "9"]
[White "Krueger, Dietrich"]
[Black "Lohkamp, Rolf"]
[Result "0-1"]
[WhiteElo "1222"]
[BlackElo "1462"]
[PlyCount "84"]
[EventDate "2019.11.11"]
[EventType "swiss"]
[EventRounds "9"]
[EventCountry "GER"]
[SourceTitle "EXT 2022"]
[Source "ChessBase"]
[SourceDate "2021.10.06"]
[SourceVersion "1"]
[SourceVersionDate "2021.10.06"]
[SourceQuality "1"]

1. d4 d5 2. Bf4 Bf5 3. c3 Nd7 4. e3 Ngf6 5. Bb5 a6 6. Ba4 b5 7. Bc2 Bxc2 8. Qxc2 e6 9. Ne2 Be7 10. Nd2 c5 11. Nf3 cxd4 12. exd4 0-0 13. h4 Ne4 14. Ng3 Ndf6 15. Ng5 Nxg3 16. fxg3 Bd6 17. Be5 g6 18. Qf2 Ng4 19. Qf4 Nxe5 20. dxe5 Be7 21. Rf1 Bxg5 22. hxg5 Rc8 23. Qh4 Qb6 24. Kd2 f5 25. Rae1 Rc4 26. Rf4 Rxf4 27. Qxf4 Rf7 28. Qd4 Qd8 29. Qb4 Qxg5+ 30. Re3 f4 31. gxf4 Rxf4 32. Qd6 Rf2+ 33. Kd3 Qf5+ 34. Kd4 Qf4+ 35. Kc5 Qxe3+ 36. Kc6 Kg7 37. Qxe6 Qa7 38. Qxd5 Qa8+ 39. Kc5 Qxd5+ 40. Kxd5 Rxb2 41. e6 Kf6 42. Kd6 Re2 0-1

[Event "Hamburg-ch Seniors 65+ op 26th"]
[Site "Hamburg"]
[Date "2019.11.18"]
[Round "8"]
[White "Wang, Huanying"]
[Black "Krueger, Dietrich"]
[Result "0-1"]
[WhiteElo "1288"]
[BlackElo "1222"]
[PlyCount "74"]
[EventDate "2019.11.11"]
[EventType "swiss"]
[EventRounds "9"]
[EventCountry "GER"]
[SourceTitle "EXT 2022"]
[Source "ChessBase"]
[SourceDate "2021.10.06"]
[SourceVersion "1"]
[SourceVersionDate "2021.10.06"]
[SourceQuality "1"]

1. e4 Nc6 2. Bb5 a6 3. Ba4 e5 4. Nf3 d6 5. h3 Bd7 6. c3 g5 7. d3 Be7 8. Bc2 h5 9. Nbd2 g4 10. hxg4 Bxg4 11. Bb3 Qd7 12. Qc2 h4 13. Nh2 h3 14. Ndf1 f5 15. Ng3 0-0-0 16. a3 f4 17. Nxg4 fxg3 18. fxg3 Rf8 19. Bd2 Nf6 20. Ne3 Rh7 21. 0-0-0 Rg7 22. Be1 Nh5 23. Nf5 Rg5 24. Nxe7+ Qxe7 25. Qd2 Nxg3 26. Bxg3 Rxg3 27. Rhg1 Qg7 28. Be6+ Kb8 29. gxh3 Rxg1 30. Bf5 Rxd1+ 31. Qxd1 Ne7 32. Kc2 Nxf5 33. exf5 Rxf5 34. Kb3 Qf7+ 35. Kb4 d5 36. Qg4 Qe7+ 37. Ka4 c5 0-1

[Event "Hamburg-ch Seniors 65+ op 26th"]
[Site "Hamburg"]
[Date "2019.11.15"]
[Round "5"]
[White "Krueger, Dietrich"]
[Black "Kaiser, Guenter3333"]
[Result "0-1"]
[WhiteElo "1222"]
[BlackElo "1704"]
[PlyCount "98"]
[EventDate "2019.11.11"]
[EventType "swiss"]
[EventRounds "9"]
[EventCountry "GER"]
[SourceTitle "EXT 2022"]
[Source "ChessBase"]
[SourceDate "2021.10.06"]
[SourceVersion "1"]
[SourceVersionDate "2021.10.06"]
[SourceQuality "1"]

1. d4 Nf6 2. Bf4 g6 3. Nd2 Bg7 4. Ngf3 d6 5. h3 0-0 6. e3 Re8 7. c3 b6 8. Qc2 Nc6 9. g4 e5 10. Bg5 h6 11. Bh4 g5 12. Bg3 exd4 13. cxd4 Nb4 14. Qb3 a5 15. a3 Nbd5 16. Bd3 Bb7 17. h4 Nxg4 18. e4 Nf4 19. Bxf4 gxf4 20. Rg1 h5 21. Ng5 d5 22. e5 Re7 23. Bf5 Bc8 24. Bxg4 Bxg4 25. f3 Bf5 26. 0-0-0 c5 27. Nde4 dxe4 28. fxe4 Bg6 29. dxc5 Qc7 30. Nf3 Qxc5+ 31. Kd2 Qf2+ 32. Kc1 Kh8 33. Rd2 Qe3 34. Qxe3 fxe3 35. Rd4 Rc8+ 36. Kb1 Bxe5 37. Nxe5 Rxe5 38. Ka1 Bxe4 39. Rd6 Re6 40. Rd7 Bg6 41. Rb7 e2 42. Re1 Rd8 43. Ka2 Rd1 44. Rb8+ Kg7 45. Rxe2 Rxe2 46. Rxb6 Bf5 47. Rb5 Be6+ 48. Rb3 Ree1 49. a4 Ra1# 0-1

[Event "Pinneberg-ch 37th"]
[Site "Pinneberg"]
[Date "2019.09.19"]
[Round "7"]
[White "Partus, Emma"]
[Black "Krueger, Dietrich"]
[Result "1/2-1/2"]
[WhiteElo "1401"]
[BlackElo "998"]
[PlyCount "96"]
[EventDate "2019.08.08"]
[EventType "swiss"]
[EventRounds "7"]
[EventCountry "GER"]
[SourceTitle "CBM 192 Extra"]
[Source "Chessbase"]
[SourceDate "2019.11.06"]
[SourceVersion "1"]
[SourceVersionDate "2019.11.06"]
[SourceQuality "1"]

1. e4 Nc6 2. d4 d5 3. e5 Bf5 4. Bb5 Qd7 5. c3 a6 6. Ba4 f6 7. f4 Qe6 8. Ne2 Bg4 9. 0-0 h6 10. Qd3 Bf5 11. Qg3 g5 12. Nd2 0-0-0 13. Bxc6 Qxc6 14. fxg5 Bd7 15. gxf6 exf6 16. exf6 Nxf6 17. Qg6 Be7 18. Ng3 Rdg8 19. Qd3 h5 20. Nf5 Bd8 21. Rf3 Ng4 22. Nf1 Qg6 23. Bd2 Nxh2 24. Rg3 Qxf5 25. Nxh2 Bh4 26. Rxg8+ Rxg8 27. Qxf5 Bxf5 28. Nf3 Bg3 29. Bg5 Be4 30. Be3 Kd7 31. Rf1 Ke6 32. Ng5+ Ke7 33. Nxe4 dxe4 34. Bf2 h4 35. Re1 Re8 36. Re3 Bxf2+ 37. Kxf2 Kd6 38. Rh3 Rf8+ 39. Ke3 Rg8 40. Rh2 Kd5 41. b3 Rg3+ 42. Kd2 e3+ 43. Ke2 c5 44. dxc5 Kxc5 45. a4 b5 46. Rxh4 Rxg2+ 47. Kxe3 Rg3+ 48. Kd2 Rg2+ 1/2-1/2

[Event "Harburg-chF 14t"]
[Site "Hamburg"]
[Date "2019.07.28"]
[Round "4.4"]
[White "Krueger, Dietrich"]
[Black "Hock, Reiner"]
[Result "1-0"]
[WhiteElo "967"]
[BlackElo "865"]
[PlyCount "75"]
[EventDate "2019.07.26"]
[EventType "swiss"]
[EventRounds "5"]
[EventCountry "GER"]
[SourceTitle "EXT 2020"]
[Source "ChessBase"]
[SourceDate "2019.10.17"]
[SourceVersion "1"]
[SourceVersionDate "2019.10.17"]
[SourceQuality "1"]

1. d4 d5 2. Bf4 Nf6 3. e3 e6 4. Bb5+ c6 5. Ba4 b5 6. Bb3 Nbd7 7. Ne2 c5 8. a3 c4 9. Ba2 Nh5 10. Nbc3 a6 11. Qd2 Nb6 12. h4 Nxf4 13. Nxf4 Bd6 14. 0-0 Qxh4 15. b3 g5 16. g3 Qg4 17. Ng2 e5 18. Rae1 e4 19. bxc4 dxc4 20. d5 Qh3 21. Qd4 Rf8 22. Qxb6 Qd7 23. Nxe4 Ke7 24. Nxg5 Rb8 25. Qd4 Bb7 26. Nxh7 Rg8 27. Qh4+ f6 28. Qxf6+ Ke8 29. e4 Qxh7 30. Qxd6 Rg6 31. Qxb8+ Kf7 32. Qc7+ Kg8 33. Qxh7+ Kxh7 34. Nf4 Rf6 35. e5 Rf5 36. e6 Bxd5 37. Nxd5 Rxd5 38. e7 1-0

[Event "Harburg-chF 14t"]
[Site "Hamburg"]
[Date "2019.07.28"]
[Round "5.2"]
[White "Lohmann, Marten"]
[Black "Krueger, Dietrich"]
[Result "1-0"]
[WhiteElo "1154"]
[BlackElo "967"]
[PlyCount "79"]
[EventDate "2019.07.26"]
[EventType "swiss"]
[EventRounds "5"]
[EventCountry "GER"]
[SourceTitle "EXT 2020"]
[Source "ChessBase"]
[SourceDate "2019.10.17"]
[SourceVersion "1"]
[SourceVersionDate "2019.10.17"]
[SourceQuality "1"]

1. e4 Nc6 2. Nf3 e5 3. d4 Bb4+ 4. c3 Bd6 5. d5 Nce7 6. Be3 c6 7. c4 f5 8. Bd3 Nf6 9. Nc3 Qa5 10. Bd2 fxe4 11. Nxe4 Qc7 12. Nxf6+ gxf6 13. dxc6 dxc6 14. h3 Be6 15. b3 0-0-0 16. a4 f5 17. Bc2 e4 18. Ng5 Bg8 19. Qc1 Be5 20. Ra2 h6 21. Nxe4 fxe4 22. Bxe4 Rd4 23. Bc2 Bh7 24. a5 c5 25. Bxh6 Bxc2 26. Rxc2 Bf4 27. Bxf4 Rxf4 28. Qd1 Ng6 29. 0-0 Qe5 30. Qb1 Qg5 31. Rc3 Nh4 32. Rg3 Qf5 33. Qb2 Qe4 34. Qxh8+ Kd7 35. Rd1+ Ke6 36. Re3 Nxg2 37. Rxe4+ Rxe4 38. Qe8+ Kf5 39. Rd5+ Kf4 40. Qf7# 1-0

[Event "Hamburg-ch Seniors 65+"]
[Site "Hamburg"]
[Date "2018.11.08"]
[Round "9"]
[White "Krueger, Dietrich"]
[Black "Wang, Huanying"]
[Result "0-1"]
[WhiteElo "1262"]
[BlackElo "1305"]
[PlyCount "62"]
[EventDate "2018.10.31"]
[EventType "swiss"]
[EventRounds "9"]
[EventCountry "GER"]
[SourceTitle "CBM 189 Extra"]
[Source "ChessBase"]
[SourceDate "2019.06.03"]
[SourceVersion "1"]
[SourceVersionDate "2019.06.03"]
[SourceQuality "1"]

1. d4 Nf6 2. Bf4 b6 3. e3 g6 4. Bc4 Bb7 5. f3 Bg7 6. Nh3 d5 7. Bb5+ c6 8. Ba4 Nbd7 9. Nd2 0-0 10. c3 Ba6 11. Qc2 b5 12. Bb3 Re8 13. g4 Bb7 14. Bg5 e5 15. e4 a5 16. a3 h6 17. Be3 Qb6 18. g5 a4 19. Ba2 Nh7 20. gxh6 Bf6 21. Rg1 Ndf8 22. Bg5 Bc8 23. f4 Bxh3 24. exd5 exd4+ 25. Kd1 dxc3 26. bxc3 Qxg1+ 27. Nf1 Bf5 28. Qb2 Qxf1+ 29. Kd2 Qe2+ 30. Kc1 Qf1+ 31. Kd2 Re2# 0-1

[Event "Hamburg-ch Seniors 65+"]
[Site "Hamburg"]
[Date "2018.11.06"]
[Round "7"]
[White "Lohkamp, Rolf"]
[Black "Krueger, Dietrich"]
[Result "1-0"]
[WhiteElo "1476"]
[BlackElo "1262"]
[PlyCount "93"]
[EventDate "2018.10.31"]
[EventType "swiss"]
[EventRounds "9"]
[EventCountry "GER"]
[SourceTitle "CBM 189 Extra"]
[Source "ChessBase"]
[SourceDate "2019.06.03"]
[SourceVersion "1"]
[SourceVersionDate "2019.06.03"]
[SourceQuality "1"]

1. c4 Nf6 2. Nc3 e5 3. e4 Bb4 4. d3 c6 5. Bd2 Bxc3 6. Bxc3 d6 7. Be2 h5 8. h4 Bg4 9. Bd2 d5 10. cxd5 cxd5 11. Bg5 Nbd7 12. Qd2 Qb6 13. f3 Be6 14. a3 0-0 15. b4 dxe4 16. Be3 Qd8 17. fxe4 Bg4 18. Bxg4 Nxg4 19. Ne2 Qf6 20. Ng3 Qg6 21. Bg5 f6 22. Nf5 Rfe8 23. Nd6 fxg5 24. Nxe8 Rxe8 25. hxg5 Rf8 26. Qa2+ Kh7 27. Qe2 Rf2 28. Qxg4 Kg8 29. Qxd7 Rxg2 30. Qc8+ Kh7 31. Qf5 Qxf5 32. Rxh5+ Kg8 33. exf5 Rg1+ 34. Ke2 Rxa1 35. g6 Kf8 36. Rh8+ Ke7 37. Rb8 Rxa3 38. Rxb7+ Kf6 39. Rf7+ Kg5 40. Rxg7 Ra2+ 41. Ke3 Rb2 42. Rf7 Rg2 43. Kf3 Rg4 44. g7 Rf4+ 45. Ke3 Rxf5 46. g8Q+ Kh4 47. Rxf5 1-0

[Event "Hamburg-ch Seniors 65+"]
[Site "Hamburg"]
[Date "2018.11.02"]
[Round "3"]
[White "Krueger, Dietrich"]
[Black "Wilke, Wolfgang"]
[Result "0-1"]
[WhiteElo "1262"]
[BlackElo "1726"]
[PlyCount "110"]
[EventDate "2018.10.31"]
[EventType "swiss"]
[EventRounds "9"]
[EventCountry "GER"]
[SourceTitle "CBM 189 Extra"]
[Source "ChessBase"]
[SourceDate "2019.06.03"]
[SourceVersion "1"]
[SourceVersionDate "2019.06.03"]
[SourceQuality "1"]

1. d4 d5 2. Bf4 Nf6 3. e3 Bf5 4. Bd3 Bxd3 5. cxd3 e6 6. Qb3 Qc8 7. Nf3 Be7 8. Nbd2 0-0 9. h4 b6 10. 0-0-0 Nbd7 11. Bg5 c5 12. Kb1 Qa6 13. Ne5 Rfe8 14. f3 b5 15. Rc1 c4 16. dxc4 bxc4 17. Qc2 Rab8 18. Nxd7 Nxd7 19. Bxe7 Rxe7 20. e4 Qb6 21. Qc3 Nf6 22. g4 Reb7 23. Rc2 Qc7 24. g5 Nh5 25. Rg1 Nf4 26. Nf1 Nd3 27. Rgg2 Qf4 28. h5 Qxf3 29. Nh2 Qd1+ 30. Rc1 Nxc1 31. Qxc1 Qxd4 32. Qc2 Qxe4 33. g6 Qxc2+ 34. Rxc2 hxg6 35. h6 gxh6 36. Ng4 Kg7 37. Ne5 h5 38. Nc6 Rh8 39. Ne5 Rb6 40. b3 Rb5 41. Nxc4 dxc4 42. Rxc4 Rb7 43. Kb2 Rd8 44. Ka3 Rd2 45. b4 g5 46. Kb3 f5 47. a4 h4 48. Kc3 Rbd7 49. b5 h3 50. Kb4 h2 51. Rc1 Rd1 52. Rxd1 Rxd1 53. Ka5 Rd6 54. b6 axb6+ 55. Ka6 h1Q 0-1